000 00333 a2200157 4500
001 68278
020 _a9781405077927
040 _cAnchieta - Pituba
100 _aMilne, Jonh
240 1 0 _aLucky Number
_leng
245 1 0 _aLucky Number
300 _a16
362 0 _a2005
650 4 _aLiteratura juvenil em inglês
942 _cBK
999 _c68278
_d68278